| 000 | 00704nam a22002417a 4500 | ||
|---|---|---|---|
| 005 | 20170124105924.0 | ||
| 010 | _aA-947289 | ||
| 020 |
_c00.00 _a8185989230 |
||
| 035 | _aA-947289 | ||
| 037 | _bCen Lib/Ret | ||
| 040 |
_aDPL _bEN |
||
| 082 |
_a346.07 _bCHA |
||
| 100 |
_aChadha, P. R. _95670 |
||
| 245 |
_aBusiness law / _cby P. R. Chadha |
||
| 260 |
_aNew Delhi _bGalgotia Publishing _c1998 |
||
| 270 |
_a6A/4, W.E.A Karol Bagh _bNew Delhi _e110005 |
||
| 300 |
_avi,422p. _c22cm(Hb) |
||
| 650 |
_aLaw _9104 |
||
| 650 |
_aCommercial law _95671 |
||
| 650 |
_aकानून _962289 |
||
| 650 |
_aवाणिज्यिक कानून _9232 |
||
| 942 |
_2ddc _cEN _h346.07 _mCHA |
||
| 999 |
_c123372 _d123372 |
||